|
|
|
|
| LEADER |
00718cam a2200205 a 4500 |
| 005 |
20140128124500.0 |
| 008 |
071113s2006 ii b 000 0deng |
| 020 |
|
|
|a 8187358254
|
| 020 |
|
|
|a 9788187358251
|
| 082 |
0 |
0 |
|a 954 MEN
|
| 245 |
0 |
0 |
|a Cultural history of modern India /
|c edited by Dilip M. Menon.
|
| 246 |
3 |
0 |
|a Modern India
|
| 260 |
|
|
|a New Delhi :
|b Social Science Press,
|c c2006.
|
| 300 |
|
|
|a xxii, 175 p. ;
|c 22 cm.
|
| 500 |
|
|
|a Contributed articles.
|
| 650 |
|
0 |
|a Popular culture
|
| 700 |
1 |
|
|a Menon, Dilip M.
|
| 942 |
|
|
|2 ddc
|c BK
|
| 999 |
|
|
|c 5194
|d 5194
|
| 952 |
|
|
|0 0
|1 0
|2 ddc
|4 0
|6 954_000000000000000_MEN
|7 0
|9 7343
|a MAIN
|b MAIN
|d 2014-01-20
|e Mathrubhumi Books, kozhikode
|g 195.00
|o 954 MEN
|p 7574
|r 2016-03-30
|t 1
|w 2014-01-20
|y BK
|